000 00716nam a2200229 i 4500
001 35467
003 ES-MaACL
005 20230906155131.0
007 t|
008 030213s1969 sp ||||1| spa d
080 _a937/38
100 1 _aBosi, Roberto.
_930691
245 1 0 _aMaravillas del pasado /
_cRoberto Bosi ; adaptación de C. y E. Ciccione ; traducción de Fermín Muñoz.
260 _aBarcelona :
_bBruguera,
_c[1969]
300 _a193 p. :
_bil. ;
_c28 cm.
650 4 _aCivilización antigua.
_9141209
650 4 _aCivilización clásica.
_9139535
700 1 _aCiccione, C.
_938746
700 1 _aCiccione, E.
_938747
700 1 _aMuñoz Pellegero, Fermín.
_984471
852 _aES-MaACL
_jC-37490
999 _c35467
_d35467